• 首页
  • 本馆介绍
  • 公告通知
  • 最新文献
  • 馆藏检索
  • 电子资源
  • 读者导购
  • 参考咨询
  • 我的图书馆
  • 登录
  • 详细信息显示
  • 放入我的书架
  • 预约/预借图书
  • 作者相关作品
  • 分类相关作品
  • 丛书相关作品
  • 出版社相关作品

书目信息

  • 表格格式
  • 工作单格式
  • 卡片格式
题名:
例谈标点符号的用法
    
 
作者: 雷文治 著
分册:  
出版信息: 天津   天津人民出版社  1980.05
页数: 174页
开本: 19cm
丛书名:
单 册:
中图分类: H155
科图分类:
主题词: 汉语--写作 , 汉语--修辞
电子资源:
ISBN:
000 00548nam0 2200205 45
001 0205210977
005 20060819150709.00
010    @dCNY0.41
091    @a9072.10
100    @a20020521d1980 km y0chiy0120 ea
101 0  @achi
200 1  @a例谈标点符号的用法@ALi Tan Biao Dian Fu Hao De Yong Fa@f雷文治著@FLei Wen Zhi Zhu
210    @a天津@c天津人民出版社@d1980.05
215    @a174页@d19cm
606 0  @a汉语@x写作
606 0  @a汉语@x修辞
690    @aH155@v3
701  0 @a雷文治@4著
801    @aCN@bTSTC@c20060819
905    @f1@b38054@dH155@e139
    
    例谈标点符号的用法/雷文治著.-天津:天津人民出版社,1980.05
    174页;19cm
    
    
    ISBN :CNY0.41
    
●
相关链接 在E读中查询图书 在五车中查询图书 在当当中查询图书 在豆瓣中查询图书


正题名:例谈标点符号的用法     索取号:H155/139         预约/预借

序号 登录号 条形码 馆藏地/架位号 状态 备注
1 0038052   000853160   第四借阅区/ [索取号:H155/139] 在馆    
2 0038053   000853204   密集书库/ [索取号:H155/139] 在馆    
3 0038054   001795034   密集书库/ [索取号:H155/139] 在馆    
4 0038055   000853286   第四借阅区/ [索取号:H155/139] 在馆    
5 0038056   000853240   第二样本阅览室/ [索取号:H155/139] 在馆    
6 0462852   204628527   密集书库/ [索取号:H155/139] 在馆    
7 0466901   204669019   密集书库/ [索取号:H155/139] 在馆    
唐山师范学院图书馆 欢迎您!
大连网信软件有限公司© 版权所有